Collateral warranties are just waiting to be broken (Record no. 117716)
[ view plain ]
| 000 -LEADER | |
|---|---|
| fixed length control field | 01331cam a2200241 4500 |
| 001 - CONTROL NUMBER | |
| control field | ABS67986 |
| 008 - FIXED-LENGTH DATA ELEMENTS--GENERAL INFORMATION | |
| fixed length control field | 040716n2004 000 0 eng u |
| 035 ## - SYSTEM CONTROL NUMBER | |
| System control number | (Sirsi) u126804 |
| 100 ## - MAIN ENTRY--PERSONAL NAME | |
| Personal name | Franklin, K. |
| 245 ## - TITLE STATEMENT | |
| Title | Collateral warranties are just waiting to be broken |
| 260 ## - PUBLICATION, DISTRIBUTION, ETC. | |
| Date of publication, distribution, etc. | 2004 |
| 490 ## - SERIES STATEMENT | |
| Series statement | Architects' Journal |
| Volume/sequential designation | 220(1) 1 July 2004, 48(1) |
| 520 ## - SUMMARY, ETC. | |
| Summary, etc. | Discusses "Northern and Shell Plc v John Laing Construction Ltd" ([2003] EWCA Civ 1035, [2004] 90 Con LR 26) where building defects took eleven and a half years to appear. The new owner Northern (N) claimed on the warranty, but John Laing said the claim was out of time as the warranty ran from the date of practical completion. However, N argued it ran from the date of the contract some eight months later. CA agreed the parties intended the warranty to run from the completion date, which made it within the 12 year limitation period. Defines the purpose of a warranty to have a retrospective effect, even when a building changes hands. |
| 590 ## - LOCAL NOTE (RLIN) | |
| Local note | ABS |
| 590 ## - LOCAL NOTE (RLIN) | |
| Local note | ABS |
| 650 ## - SUBJECT ADDED ENTRY--TOPICAL TERM | |
| Topical term or geographic name entry element | COLLATERAL WARRANTIES |
| 650 ## - SUBJECT ADDED ENTRY--TOPICAL TERM | |
| Topical term or geographic name entry element | NORTHERN AND SHELL PLC V JOHN LAING CONSTRUCTION LTD |
| 650 ## - SUBJECT ADDED ENTRY--TOPICAL TERM | |
| Topical term or geographic name entry element | DEFECTS LIABILITY |
| 650 ## - SUBJECT ADDED ENTRY--TOPICAL TERM | |
| Topical term or geographic name entry element | CLAIMS |
| 650 ## - SUBJECT ADDED ENTRY--TOPICAL TERM | |
| Topical term or geographic name entry element | RETROSPECTIVE EFFECT |
| 690 ## - LOCAL SUBJECT ADDED ENTRY--TOPICAL TERM (OCLC, RLIN) | |
| Topical term or geographic name as entry element | BUILDING AND CONSTRUCTION-DEFECTS AND FAILURES-CASE LAW |
| 942 ## - ADDED ENTRY ELEMENTS (KOHA) | |
| Suppress in OPAC | 0 |
| Withdrawn status | Lost status | Source of classification or shelving scheme | Damaged status | Not for loan | Home library | Current library | Shelving location | Date acquired | Total Checkouts | Full call number | Barcode | Date last seen | Copy number | Price effective from | Koha item type |
|---|---|---|---|---|---|---|---|---|---|---|---|---|---|---|---|
| Dewey Decimal Classification | London | London | Journal article | 16/07/2004 | ABS67986 | 126804-1001 | 06/08/2019 | 1 | 06/08/2019 | Journal article |